Statistics for Minecraft Mobs (1.9)

Click here to take the quiz!

General Stats

  • This quiz has been taken 18 times
  • The average score is 16 of 31

Answer Stats

Answer% Correct
An Exploding Green Thing?Creeper
100%
Shoots Arrows At YouSkeleton
93%
The Walking DeadZombie
80%
Household Creepy CrawliesSpider
73%
Tall Teleporting CreatureEnderman
73%
The Walking Dead Pig'sZombie Pigman
67%
Poisounous Creepy CrawliesCave Spider
67%
Im'a Firin' Meh BlazerBlaze
67%
Oink & BaconPig
60%
Milk Makes CHOCOLATECow
60%
Newly Added Ender BugsEndermite
53%
Frosty The Who?Snowman
53%
A Mans Best FriendWolf
53%
Boogers.... Yes, BoogersSlime
53%
Bah Bah Black ????Sheep
53%
Thanksgiving But Not A TurkeyChicken
47%
A Cowboys Best FriendHorse
47%
Head Shooting Minecraft BossWither
47%
Water SecurityGuardian
47%
Fireball Shooting BeastsGhast
47%
A Hot Block Of SlimeMagma Cube
47%
The Final Boss Of The GameEnder Dragon
47%
Brooms,Old Ladies 'Nough?Witch
40%
Theres Not Mushroom For Cows.....Mooshroom
40%
Scaredy CatOcelot
33%
Whats Up Doc?Rabbit
33%
Rip-Off ScammersVillager
33%
Basicaly Metal Tanks (metal?)Iron Golem
33%
Japanese Sea FoodSquid
27%
Dracula 2.0Bat
27%
Small Critters That Like To HideSliverfish
7%

Score Distribution

Percentile by Number Answered

Percent of People with Each Score

Your Score History

You have not taken this quiz